Právne predpisy, výklady a stanoviská z oblasti práce, miezd a sociálnych vecí.

Vyhláška MPSV SR č. 50/1991 Zb. o poskytovaní hmotného zabezpečenia uchádzačom o zamestnanie. Metodický výklad k vyhláške. Vyhláška MPSV ČR č. 20/1991 Zb. o poskytovaní hmotného zabezpečenia uchádzačom o zamestnanie. Metodický výklad k vyhláške.

Saved in:
Bibliographic Details
Format: Book Chapter
Language:Slovak
Subjects:
Tags: Add Tag
No Tags, Be the first to tag this record!

MARC

LEADER 00000naa a2200000 4500
001 r005311
005 20221125080759.4
041 0 |a slo 
044 |a [CS] 
245 1 0 |a Právne predpisy, výklady a stanoviská z oblasti práce, miezd a sociálnych vecí. 
520 |a Vyhláška MPSV SR č. 50/1991 Zb. o poskytovaní hmotného zabezpečenia uchádzačom o zamestnanie. Metodický výklad k vyhláške. Vyhláška MPSV ČR č. 20/1991 Zb. o poskytovaní hmotného zabezpečenia uchádzačom o zamestnanie. Metodický výklad k vyhláške. 
610 2 0 |a vyhlášky 
610 2 0 |a podpory v nezamestnanosti 
610 2 0 |a Slovensko 
610 2 0 |a Čechy 
610 2 0 |a 1991